000 00620nam a2200205Ia 4500
001 21428
003 GE_BSU
008 181216s||||||||xx |||||||||||||| ||und||
040 _cGE_BSU
080 _aპერიოდიკა
245 _aПсихология обучения, №8 Август 2017.
245 _cГл. ред. Т. Н. Березина и др.
260 _aМосква
260 _c2017
300 _a148 стр. 24 см.
653 _aПериодика
653 _aПсихология обучения, №8 Август 2017.
653 _aპერიოდიკა
942 _cCR
999 _c54372
_d54372